[Event "74.Camp. Veneto Quarti di Finale"]
[Site "Correzzola (PD)"]
[Date "2014.05.10"]
[Round "2.8"]
[White "Zamengo, Fulvio"]
[Black "Rostolis, Riccardo"]
[Result "1-0"]
[WhiteElo "2158"]
[BlackElo "1872"]
[Annotator "Gabriele Ballarin"]
[PlyCount "105"]
[EventDate "2014.05.09"]
[EventType "swiss"]
[EventRounds "5"]
[EventCountry "ITA"]

1. e4 c5 2. Nf3 Nc6 3. d4 cxd4 4. Nxd4 Nf6 5. Nc3 e5 6. Ndb5 d6 7. Bg5 a6 8. Na3 b5 9. Nd5 Be7 10. Bxf6 Bxf6 11. c4 b4 12. Nc2 Rb8 13. b3 O-O 14. h4 a5 15. g3 Be6 16. Bg2 Qd7 17. O-O Bd8 18. Qd3 Ne7 19. Nxe7+ Qxe7 20. Rad1 Bc7 21. Ne3 Rfd8 22. Kh2 Bb6 23. Nf5 Bxf5 24. exf5 Bd4 25. Bd5 Rbc8 26. Kg2 Qf6 27. Rh1 g6 28. Be4 d5 29. cxd5 Rc3 30. Qb1 gxf5 31. Bxf5 Rxd5 32. Qe4 Rdc5 33. Bxh7+ Kf8 34. Rd2 Qg7 35. Rhd1 Qf6 36. Bf5 Qc6 37. Rh1 Qxe4+ 38. Bxe4 Rc1 39. Rdd1 Rxd1 40. Rxd1 Kg7 41. g4 Rc3 42. g5 f6 43. Rh1 a4 44. bxa4 Ra3 45. Bd5 Rxa4 46. Kg3 fxg5 47. hxg5 Ra3+ 48. f3 Rc3 49. Be4 Rc8 50. Rh7+ Kg8 51. Rb7 Bc3 52. Bd5+ Kh8 53. g6 1-0

[Event "74.Camp. Veneto Quarti di Finale"]
[Site "Correzzola (PD)"]
[Date "2014.05.10"]
[Round "2.9"]
[White "Marangoni, Simone"]
[Black "Negro, Roberto"]
[Result "0-1"]
[WhiteElo "1898"]
[BlackElo "2155"]
[Annotator "Gabriele Ballarin"]
[PlyCount "74"]
[EventDate "2014.05.09"]
[EventType "swiss"]
[EventRounds "5"]
[EventCountry "ITA"]

1. d4 Nf6 2. c4 e6 3. Nf3 b6 4. g3 Bb7 5. Bg2 Bb4+ 6. Bd2 Be7 7. O-O O-O 8. Nc3 d5 9. Ne5 c6 10. cxd5 cxd5 11. Rc1 Nfd7 12. Nf3 Nc6 13. Bf4 Rc8 14. Nb5 Ndb8 15. Qa4 a6 16. Nc3 b5 17. Qd1 Qb6 18. a3 a5 19. a4 b4 20. Nb1 Ba6 21. Re1 h6 22. h4 Rfd8 23. Qd2 Nd7 24. Red1 Nf6 25. Ne5 Ne4 26. Bxe4 dxe4 27. Nxc6 Rxc6 28. Be3 Qc7 29. b3 Qd7 30. Rxc6 Qxc6 31. Rc1 Qd5 32. Qb2 Bf6 33. Rd1 e5 34. Qc2 exd4 35. Bc1 d3 36. exd3 exd3 37. Qa2 Bb7 0-1

[Event "74.Camp. Veneto Quarti di Finale"]
[Site "Correzzola (PD)"]
[Date "2014.05.10"]
[Round "2.10"]
[White "Cacco, Cristian"]
[Black "Zanirato, Stefano"]
[Result "1-0"]
[WhiteElo "2342"]
[BlackElo "1916"]
[Annotator "Gabriele Ballarin"]
[PlyCount "41"]
[EventDate "2014.05.09"]
[EventType "swiss"]
[EventRounds "5"]
[EventCountry "ITA"]

1. c4 Nf6 2. Nc3 e6 3. g3 d5 4. Bg2 c6 5. cxd5 exd5 6. Nf3 Bd6 7. O-O O-O 8. d3 Bg4 9. Qa4 Nbd7 10. h3 Nc5 11. Qc2 Bd7 12. e4 dxe4 13. dxe4 Qc7 14. Rd1 Rfe8 15. Rxd6 Qxd6 16. e5 Rxe5 17. Bf4 Rae8 18. Rd1 Nd5 19. Nxe5 Rxe5 20. Nxd5 cxd5 (20... f6 21. Bxe5) 21. Rxd5 {formulari poco chiari questo è il probabile finale} (21. Bxe5) 1-0

[Event "74.Camp. Veneto Quarti di Finale"]
[Site "Correzzola (PD)"]
[Date "2014.05.10"]
[Round "2.11"]
[White "Ronzani, Andrea"]
[Black "Rossi, Gianni"]
[Result "0-1"]
[WhiteElo "1537"]
[BlackElo "1806"]
[Annotator "Gabriele Ballarin"]
[PlyCount "60"]
[EventDate "2014.05.09"]
[EventType "swiss"]
[EventRounds "5"]
[EventCountry "ITA"]

1. d4 e5 2. d5 Bc5 3. Nf3 d6 4. h3 Nf6 5. c4 O-O 6. Nbd2 e4 7. Nh2 e3 8. fxe3 Nxd5 9. Ndf3 Nxe3 10. Bxe3 Bxe3 11. Qd3 Qe7 12. Ng4 Bb6 13. O-O-O f5 14. Ngh2 Be3+ 15. Kb1 f4 16. Ka1 Nc6 17. Ng4 Bf5 18. Qc3 Bc5 19. a3 h5 20. Ngh2 a6 21. h4 b5 22. b4 Be3 23. Ng5 a5 24. cxb5 axb4 25. Qb3+ Kh8 26. a4 Qf6+ 27. Ka2 Nd4 28. Qxb4 Nxb5 29. Nf7+ Qxf7+ 30. Qb3 Rxa4+ 0-1

[Event "74.Camp. Veneto Quarti di Finale"]
[Site "Correzzola (PD)"]
[Date "2014.05.10"]
[Round "2.12"]
[White "Benetti, Lorenzo"]
[Black "Desideri, Alessandro"]
[Result "0-1"]
[WhiteElo "1686"]
[BlackElo "1821"]
[Annotator "Gabriele Ballarin"]
[PlyCount "60"]
[EventDate "2014.05.09"]
[EventType "swiss"]
[EventRounds "5"]
[EventCountry "ITA"]

1. d4 f5 2. Nc3 Nf6 3. Bg5 d5 4. Bxf6 exf6 5. e3 Be6 6. Bd3 Nc6 7. a3 Qd7 8. Qf3 O-O-O 9. Nge2 g5 10. h3 Be7 11. O-O-O Rhg8 12. Ng3 g4 13. hxg4 f4 14. Nf5 fxe3 15. fxe3 Bf8 16. Rxh7 Qe8 17. Rdh1 Kb8 18. Ne2 Na5 19. Nf4 Bxf5 20. Bxf5 Nc4 21. R1h3 Qb5 22. Nd3 Nxb2 23. Nxb2 Bxa3 24. Kd1 Qxb2 25. Be6 Qc1+ 26. Ke2 Bb4 27. Qf5 Qe1+ 28. Kf3 Qf1+ 29. Kg3 Be1+ 30. Kh2 Bf2 0-1

[Event "74.Camp. Veneto Quarti di Finale"]
[Site "Correzzola (PD)"]
[Date "2014.05.10"]
[Round "2.13"]
[White "Quaranta, Gaetano"]
[Black "Di Girolamo, Enrico"]
[Result "1-0"]
[WhiteElo "1818"]
[BlackElo "1697"]
[Annotator "Gabriele Ballarin"]
[PlyCount "59"]
[EventDate "2014.05.09"]
[EventType "swiss"]
[EventRounds "5"]
[EventCountry "ITA"]

1. e4 e5 2. Nf3 Nc6 3. Bc4 Nf6 4. Ng5 d5 5. exd5 Na5 6. Bb5+ c6 7. dxc6 bxc6 8. Be2 Be7 9. d3 O-O 10. O-O Nd5 11. Nf3 f6 12. Bd2 c5 13. Nc3 Bb7 14. Nxd5 Bxd5 15. b3 Bb7 16. Bxa5 Qxa5 17. Nd2 Qc7 18. Bf3 Bxf3 19. Qxf3 a5 20. Nc4 Rad8 21. Rfe1 f5 22. Re2 Bd6 23. Qd5+ Kh8 24. Nxd6 Qxd6 25. Qxd6 Rxd6 26. Rxe5 Rc6 27. Rae1 Kg8 28. Re8 Kf7 29. Rxf8+ Kxf8 30. h4 {nur} 1-0

[Event "74.Camp. Veneto Quarti di Finale"]
[Site "Correzzola (PD)"]
[Date "2014.05.10"]
[Round "2.14"]
[White "Mancin, Michele"]
[Black "Desideri, Leonardo"]
[Result "1/2-1/2"]
[WhiteElo "1762"]
[BlackElo "1671"]
[Annotator "Gabriele Ballarin"]
[PlyCount "71"]
[EventDate "2014.05.09"]
[EventType "swiss"]
[EventRounds "5"]
[EventCountry "ITA"]

1. e4 c5 2. Nf3 d6 3. d4 cxd4 4. Nxd4 Nf6 5. Nc3 g6 6. Be3 a6 7. Be2 b5 8. a3 Bb7 9. f3 Bg7 10. Qd2 Nbd7 11. h4 h5 12. O-O-O Ne5 13. Nb3 Nc4 14. Qd3 Rc8 15. Bd4 e5 16. Bf2 O-O 17. g4 Qc7 18. g5 Nd7 19. Nb1 Rfd8 20. Qc3 Ndb6 21. Bxb6 Qxb6 22. Bxc4 bxc4 23. N3d2 d5 24. Qb4 Qc7 25. exd5 Bxd5 26. Nc3 Be6 27. Nde4 Bf8 28. Qa4 Ra8 29. Nf6+ Kg7 30. Rxd8 Qxd8 31. Rd1 Qb6 32. Nd7 Bxd7 33. Rxd7 Qe3+ 34. Kb1 Qxf3 35. Qxc4 Rb8 36. Ka2 {Nur} 1/2-1/2

[Event "74.Camp. Veneto Quarti di Finale"]
[Site "Correzzola (PD)"]
[Date "2014.05.10"]
[Round "2.15"]
[White "Marchetti, Daniele"]
[Black "Bergamasco, Tommaso"]
[Result "0-1"]
[WhiteElo "1668"]
[BlackElo "1777"]
[Annotator "Gabriele Ballarin"]
[PlyCount "82"]
[EventDate "2014.05.09"]
[EventType "swiss"]
[EventRounds "5"]
[EventCountry "ITA"]

1. d4 d5 2. c4 e6 3. a3 Nf6 4. Nc3 c6 5. Nf3 Nbd7 6. e3 Bd6 7. Qc2 O-O 8. Bd3 dxc4 9. Bxc4 b5 10. Bb3 Bb7 11. O-O Rc8 12. Ne4 Nxe4 13. Qxe4 Nf6 14. Qd3 a6 15. Qe2 Nd7 16. e4 e5 17. Rd1 Qc7 18. Bg5 Kh8 19. Rac1 exd4 20. Rxd4 c5 21. Bd5 Bxd5 22. Rxd5 Nb6 23. Rd3 c4 24. Rdd1 Bf4 25. Rc2 Bxg5 26. Nxg5 Qf4 27. Nh3 Qb8 28. Rc3 Na4 29. Rg3 Qe5 30. Rd2 h6 31. f4 Qc5+ 32. Kh1 Rfd8 33. Rxd8+ Rxd8 34. Ng1 Qd4 35. b3 Nc5 36. bxc4 Nxe4 37. Rf3 bxc4 38. h3 c3 39. Re3 f5 40. g4 Qd5 41. Nf3 Ng3+ 0-1

[Event "74.Camp. Veneto Quarti di Finale"]
[Site "Correzzola (PD)"]
[Date "2014.05.10"]
[Round "2.16"]
[White "Penzo, Amleto"]
[Black "Barbetta, Cosimo"]
[Result "1-0"]
[WhiteElo "1774"]
[BlackElo "1614"]
[Annotator "Gabriele Ballarin"]
[PlyCount "119"]
[EventDate "2014.05.09"]
[EventType "swiss"]
[EventRounds "5"]
[EventCountry "ITA"]

1. d4 d5 2. Nf3 Nf6 3. e3 e6 4. Bd3 Bd6 5. b3 O-O 6. O-O Nbd7 7. Bb2 c6 8. Nbd2 a5 9. Ne5 a4 10. a3 h6 11. f4 Bxe5 12. fxe5 Nh7 13. e4 axb3 14. cxb3 Qb6 15. Kh1 Qd8 16. Rf3 Ng5 17. Rg3 Nxe4 18. Nxe4 dxe4 19. Bxe4 f5 20. exf6 Nxf6 21. Bc2 Qd5 22. Qd3 Qf5 23. Qe2 Qh5 24. Qd3 Qf5 25. Rf1 Qxd3 26. Bxd3 Nd5 27. Rxf8+ Kxf8 28. Rf3+ Ke7 29. a4 Nf6 30. Ba3+ Kf7 31. h4 Ra5 32. Bc5 b5 33. Bb6 Ra8 34. a5 Kg8 35. b4 Bd7 36. Bc5 Be8 37. g4 Bf7 38. g5 hxg5 39. hxg5 Nd7 40. g6 Be8 41. Be7 Ra7 42. Be4 Nf6 43. Bxf6 gxf6 44. Rxf6 Re7 45. Kg2 Kg7 46. Rf3 Rd7 47. Bxc6 Re7 48. Bxe8 Rxe8 49. Rg3 Rc8 50. Rg5 Rc2+ 51. Kf3 Rc4 52. Rxb5 Rxd4 53. a6 Rd3+ 54. Ke4 Ra3 55. Rb6 Ra4 56. Ke5 Kxg6 57. Kxe6 Kg5 58. Kd6 Kf5 59. Kc7 Ke5 60. Kb7 1-0

[Event "74.Camp. Veneto Quarti di Finale"]
[Site "Correzzola (PD)"]
[Date "2014.05.10"]
[Round "2.17"]
[White "Aprile, Massimo"]
[Black "Belloni, Umberto"]
[Result "1/2-1/2"]
[WhiteElo "1618"]
[BlackElo "1757"]
[Annotator "Gabriele Ballarin"]
[PlyCount "190"]
[EventDate "2014.05.09"]
[EventType "swiss"]
[EventRounds "5"]
[EventCountry "ITA"]

1. Nf3 d5 2. d4 c6 3. Bf4 Qb6 4. Qc1 Nf6 5. c3 Nh5 6. Bd2 Bf5 7. e3 Nf6 8. Be2 Nbd7 9. O-O h6 10. Ne1 e5 11. f3 Bd6 12. Bd3 e4 13. Bc2 Qc7 14. f4 b5 15. a4 a6 16. axb5 cxb5 17. Na3 Nb6 18. g3 Ke7 19. Ng2 Bh3 20. Bd1 Nbd7 21. Be2 g5 22. Qd1 g4 23. Nc2 Qb6 24. Rf2 Bxg2 25. Rxg2 h5 26. Kf2 Rag8 27. Ra2 Ne8 28. Qa1 Nc7 29. Qd1 f5 30. Na3 Nf6 31. b3 h4 32. c4 hxg3+ 33. hxg3 Bxa3 34. Rxa3 b4 35. c5 Qc6 36. Bxb4 Rh3 37. Be1 Rgh8 38. Qa1 Nd7 39. Bxa6 Qh6 40. c6 Qxc6 41. Bb4+ Kf7 42. Be2 Rh2 43. Ra5 Rxg2+ 44. Kxg2 Qh6 45. Qg1 Qh3+ 46. Kf2 Qh6 47. Ra7 Qb6 48. Ra4 Qc6 49. Kg2 Nb6 50. Ra1 Qh6 51. Rc1 Rc8 52. Qh2 Qxh2+ 53. Kxh2 Ne8 54. Rxc8 Nxc8 55. Bc5 Ke6 56. b4 Nc7 57. Kg2 Kd7 58. Kf2 Ne6 59. Bb5+ Kc7 60. Be8 Nd6 61. Bg6 Ng7 62. Ke2 Kd7 63. Kd2 Nc4+ 64. Ke2 Nd6 65. Bh7 Kc6 66. Bg8 Nh5 67. Kf2 Nf6 68. Be6 Kc7 69. Bxd6+ Kxd6 70. Bxf5 Kc6 71. Ke2 Kb5 72. Kd2 Kxb4 73. Kc2 Kc4 74. Kd2 Kb3 75. Bc8 Kb2 76. Be6 Kb3 77. Bc8 Kb4 78. Kc2 Kc4 79. Be6 Kb4 80. Bc8 Ka4 81. Kc3 Kb5 82. Kb3 Ka5 83. Be6 Kb5 84. Bc8 Kc6 85. Kb4 Kd6 86. Kb5 Nh5 87. Bxg4 Nxg3 88. Bh3 Ne2 89. Kb6 Nc3 90. Bg4 Nb1 91. Kb7 Nd2 92. Be2 Nc4 93. Ka6 Nxe3 94. Kb5 Nf5 95. Bg4 Nxd4+ 1/2-1/2

[Event "74.Camp. Veneto Quarti di Finale"]
[Site "Correzzola (PD)"]
[Date "2014.05.10"]
[Round "2.18"]
[White "Scarsella, Federico Armando"]
[Black "Minei, Giovanni"]
[Result "0-1"]
[WhiteElo "1718"]
[BlackElo "1546"]
[Annotator "Gabriele Ballarin"]
[PlyCount "60"]
[EventDate "2014.05.09"]
[EventType "swiss"]
[EventRounds "5"]
[EventCountry "ITA"]

1. Nf3 Nf6 2. d4 c6 3. c4 d5 4. e3 Bf5 5. Bd3 Bg6 6. O-O dxc4 7. Bxc4 e6 8. Ne5 Nbd7 9. f4 Nxe5 10. fxe5 Nd5 11. Bd3 Qb6 12. Bxg6 hxg6 13. Qf3 Qc7 14. a3 f6 15. e4 Nb6 16. Bf4 O-O-O 17. exf6 Bd6 18. e5 Bf8 19. fxg7 Bxg7 20. Be3 Rdf8 21. Qe2 Rxf1+ 22. Qxf1 Nd5 23. Qe2 Qe7 24. Nc3 Qh4 25. h3 Nxe3 26. Qxe3 Bh6 27. Qe4 Qg3 28. Rf1 Be3+ 29. Rf2 (29. Kh1 Rxh3+ 30. gxh3 Qxh3#) 29... Qxf2+ 30. Kh2 Bf4+ 0-1

[Event "74.Camp. Veneto Quarti di Finale"]
[Site "Correzzola (PD)"]
[Date "2014.05.10"]
[Round "2.19"]
[White "Scarsella, Lorenzo Luigi"]
[Black "De Marchi, Alessandro"]
[Result "0-1"]
[WhiteElo "1602"]
[BlackElo "1713"]
[Annotator "Gabriele Ballarin"]
[PlyCount "52"]
[EventDate "2014.05.09"]
[EventType "swiss"]
[EventRounds "5"]
[EventCountry "ITA"]

1. d4 Nf6 2. Nf3 b6 3. e3 Bb7 4. Nbd2 e6 5. c4 Be7 6. Bd3 O-O 7. O-O c5 8. b3 d5 9. Bb2 Nc6 10. a3 cxd4 11. exd4 Rc8 12. Rc1 Na5 13. Ne5 Ne4 14. b4 Nxd2 15. Qxd2 Nb3 16. Qc2 Nxc1 17. Bxh7+ Kh8 18. Rxc1 Bg5 19. Rd1 dxc4 20. d5 Bxd5 21. Rd4 c3 22. Bxc3 Rxc3 23. Qxc3 Kxh7 24. Qh3+ Kg8 25. Qh5 Qf6 26. Qe2 Bf4 0-1

[Event "74.Camp. Veneto Quarti di Finale"]
[Site "Correzzola (PD)"]
[Date "2014.05.10"]
[Round "2.20"]
[White "Tencheni, Maurizio"]
[Black "Gebbin, Andrea"]
[Result "1-0"]
[WhiteElo "1700"]
[BlackElo "1482"]
[Annotator "Gabriele Ballarin"]
[PlyCount "99"]
[EventDate "2014.05.09"]
[EventType "swiss"]
[EventRounds "5"]
[EventCountry "ITA"]

1. b3 e6 2. Bb2 f5 3. e3 Nf6 4. c4 c6 5. d4 d5 6. Nf3 Be7 7. Nbd2 O-O 8. Be2 Ne4 9. Ne5 Bb4 10. Nef3 Nd7 11. O-O Ndf6 12. a3 Ba5 13. b4 Bc7 14. Ne5 a6 15. c5 Bd7 16. Ndf3 Be8 17. Ne1 Qe7 18. N1d3 Nd7 19. Nf4 g5 20. Nfd3 g4 21. Nf4 Nxe5 22. dxe5 Bf7 23. f3 gxf3 24. Bxf3 Kh8 25. Bh5 Rae8 26. Rc1 Rg8 27. Bxf7 Qxf7 28. Nh5 Bd8 29. Rc2 Rg5 30. Nf4 Qg7 31. Rf3 Rg4 32. Nxe6 Rxe6 33. Rxf5 Be7 34. Qf3 Kg8 35. Bd4 Bg5 36. Kh1 Be7 37. Re2 Rh4 38. Kg1 Qh6 $138 39. g3 Rg6 40. Rg2 Rhg4 41. e6 R4g5 42. Rf7 Rf6 43. Bxf6 Bxf6 44. Rxb7 Re5 45. Qe2 Nc3 46. Qg4+ Rg5 47. Qf3 Re5 48. Qg4+ Rg5 49. Qf4 Qg6 50. Qb8+ 1-0

[Event "74.Camp. Veneto Quarti di Finale"]
[Site "Correzzola (PD)"]
[Date "2014.05.10"]
[Round "3.1"]
[White "Bonafede, Alessandro"]
[Black "Guerra, Alessandro"]
[Result "1-0"]
[WhiteElo "2375"]
[BlackElo "2214"]
[Annotator "Gabriele Ballarin"]
[PlyCount "83"]
[EventDate "2014.05.09"]
[EventType "swiss"]
[EventRounds "5"]
[EventCountry "ITA"]

1. e4 c5 2. b3 Nc6 3. Bb2 e5 4. Bc4 d6 5. Nc3 Nf6 6. d3 Be7 7. Nge2 O-O 8. O-O Rb8 9. h3 Bd7 10. a4 a6 11. f4 Nd4 12. fxe5 dxe5 13. a5 Qc8 14. Kh2 Bd8 15. Qd2 h6 16. Ng3 Be6 17. Qf2 Nh7 18. Nf5 Nxf5 19. exf5 Bxc4 20. bxc4 Nf6 21. Qf3 Bc7 22. Kh1 Qd7 23. Ne4 Nxe4 24. Qxe4 b5 25. axb6 Rxb6 26. Ba3 Rc6 27. f6 Rxf6 28. Rxf6 gxf6 29. Bxc5 Rb8 30. Qh4 Kg7 31. Be3 Rh8 32. Rxa6 Qf5 33. Ra1 h5 34. Kg1 Qg6 35. Ra7 Rc8 36. Kf2 Bd8 37. Qg3 Qxg3+ 38. Kxg3 Rc6 39. c5 f5 40. Kf3 Kf6 41. c3 Ke6 42. d4 1-0

[Event "74.Camp. Veneto Quarti di Finale"]
[Site "Correzzola (PD)"]
[Date "2014.05.10"]
[Round "3.2"]
[White "Basso, Pier Luigi"]
[Black "Zamengo, Fulvio"]
[Result "1/2-1/2"]
[WhiteElo "2316"]
[BlackElo "2158"]
[Annotator "Gabriele Ballarin"]
[PlyCount "138"]
[EventDate "2014.05.09"]
[EventType "swiss"]
[EventRounds "5"]
[EventCountry "ITA"]

1. b3 e5 2. Bb2 Nc6 3. e3 a6 4. d4 exd4 5. exd4 d5 6. Nf3 Nf6 7. Be2 Be7 8. Ne5 Nxe5 9. dxe5 Ne4 10. O-O O-O 11. Qe1 Bc5 12. c4 dxc4 13. Bxc4 Qh4 14. Bd5 Ng5 15. Qc3 Bb4 16. Qxc7 Be6 17. Qc4 Qxc4 18. bxc4 Bxd5 19. cxd5 Rad8 20. Rd1 f6 21. h4 Ne6 22. a3 Ba5 23. exf6 gxf6 24. Bc3 Bxc3 25. Nxc3 Nc5 26. d6 Rfe8 27. Rd5 Ne4 28. d7 Re6 29. Nxe4 Rxe4 30. Rc1 Kf7 31. Rc7 Rxh4 32. Rxb7 Re4 33. Rd6 Re6 34. Rxe6 Kxe6 35. Rb6+ Ke7 36. Rxa6 Rxd7 37. Kh2 Kf7 38. Kg3 Kg6 39. a4 Rd2 40. Ra8 Ra2 41. a5 Kf5 42. a6 Ra3+ 43. f3 Ra2 44. a7 Ra1 45. Kf2 Ra2+ 46. Ke3 Ra3+ 47. Kd4 Ra1 48. Kd5 h5 49. g4+ hxg4 50. fxg4+ Kf4 51. g5 fxg5 52. Rf8+ Ke3 53. a8=Q Rxa8 54. Rxa8 g4 55. Ra3+ Kf4 56. Ra4+ Kf3 57. Ke5 g3 58. Ra3+ Kf2 59. Kf4 g2 60. Ra2+ Kf1 61. Kf3 g1=N+ 62. Ke3 Nh3 63. Rh2 Ng1 64. Rf2+ Ke1 65. Rg2 Kf1 66. Rg3 Ne2 67. Rf3+ Ke1 68. Rf8 Ng3 69. Re8 Nf1+ {qui il testo continua con la mossa illegale Rf3 la partita termina patta alla 85} 1/2-1/2

[Event "74.Camp. Veneto Quarti di Finale"]
[Site "Correzzola (PD)"]
[Date "2014.05.10"]
[Round "3.3"]
[White "Boraso, Alessio"]
[Black "Xia, Jie"]
[Result "1-0"]
[WhiteElo "2159"]
[BlackElo "2181"]
[Annotator "Gabriele Ballarin"]
[PlyCount "81"]
[EventDate "2014.05.09"]
[EventType "swiss"]
[EventRounds "5"]
[EventCountry "ITA"]

1. d4 Nf6 2. c4 g6 3. Nc3 Bg7 4. e4 d6 5. f4 O-O 6. Nf3 Nfd7 7. Be3 e5 8. dxe5 dxe5 9. f5 gxf5 10. exf5 e4 11. Ng5 Nf6 12. Bc5 Bxf5 13. Bxf8 Qxf8 14. Be2 Nc6 15. O-O Bg6 16. Nd5 Nxd5 17. cxd5 Qc5+ 18. Kh1 Nd4 19. Bh5 Qxd5 20. Bxg6 fxg6 21. Qg4 Nf5 22. Rad1 Qe5 23. Qh3 Nh6 24. Qb3+ Kh8 25. Qxb7 Re8 26. Rd5 Qe7 27. Qb5 e3 28. Rd7 e2 29. Re1 Qe3 30. Rd3 Qe5 31. Qxe5 Bxe5 32. Rxe2 Kg7 33. Nf3 Kf6 34. Nxe5 Rxe5 35. Rxe5 Kxe5 36. Rh3 Nf5 37. Rxh7 Kd6 38. g4 Ne3 39. Rh6 Nd1 40. Rxg6+ Ke5 41. b3 1-0

[Event "74.Camp. Veneto Quarti di Finale"]
[Site "Correzzola (PD)"]
[Date "2014.05.10"]
[Round "3.4"]
[White "Negro, Roberto"]
[Black "Valsecchi, Alessio"]
[Result "0-1"]
[WhiteElo "2155"]
[BlackElo "2404"]
[Annotator "Gabriele Ballarin"]
[PlyCount "124"]
[EventDate "2014.05.09"]
[EventType "swiss"]
[EventRounds "5"]
[EventCountry "ITA"]

1. d4 f5 2. Nf3 Nf6 3. g3 g6 4. Bg2 Bg7 5. O-O O-O 6. c4 d6 7. Nc3 c6 8. b3 Na6 9. Bb2 Qc7 10. d5 Re8 11. Rc1 e5 12. dxe6 Nc5 13. Nd4 Nxe6 14. Nxe6 Bxe6 15. e3 Rad8 16. Qc2 Qf7 17. Ne2 Bc8 18. Bxf6 Qxf6 19. b4 Qb2 20. b5 Qxc2 21. Rxc2 Bd7 22. a4 $11 Rc8 23. Rd2 Bf8 24. Rb1 Rc7 25. h4 Re5 26. Nf4 Kf7 27. Nd3 Re8 28. Nf4 Be7 29. a5 h6 30. Bf3 Rd8 31. bxc6 bxc6 32. Ne2 Rdc8 33. Nd4 Bf6 34. a6 Ke7 35. Rb7 Bxd4 36. Rxc7 Rxc7 37. exd4 Bc8 38. Ra2 Kf6 39. Kf1 f4 40. Kg2 g5 41. hxg5+ hxg5 42. Be4 c5 43. dxc5 Rxc5 44. Bd5 Be6 45. Bxe6 Kxe6 46. gxf4 gxf4 47. Ra4 Rc6 48. Kf3 Ke5 49. Ra5+ Kd4 50. Ra1 Rxc4 51. Kxf4 d5 52. Ra5 Rc2 53. f3 Re2 54. Ra3 Kc4 55. Kg5 d4 56. f4 d3 57. Ra1 d2 58. Rd1 Rg2+ 59. Kh6 Kd5 60. f5 Ke5 61. Rf1 Kf6 62. Kh7 Re2 0-1

[Event "74.Camp. Veneto Quarti di Finale"]
[Site "Correzzola (PD)"]
[Date "2014.05.10"]
[Round "3.5"]
[White "Cardarelli, Angelo"]
[Black "Cacco, Cristian"]
[Result "0-1"]
[WhiteElo "2030"]
[BlackElo "2342"]
[Annotator "Gabriele Ballarin"]
[PlyCount "66"]
[EventDate "2014.05.09"]
[EventType "swiss"]
[EventRounds "5"]
[EventCountry "ITA"]

1. Nf3 d5 2. c4 e6 3. g3 Nf6 4. b3 c6 5. Bg2 Bd6 6. Bb2 Nbd7 7. O-O O-O 8. d3 Qe7 9. Nbd2 e5 10. e4 dxe4 11. Nxe4 Nxe4 12. dxe4 Re8 13. Qc2 Bc5 14. Rad1 a5 15. Rxd7 Bxd7 16. Nxe5 a4 17. Qc3 f6 18. Nd3 axb3 19. axb3 Bg4 20. Re1 Rad8 21. Nxc5 Qxc5 22. h3 Bh5 23. b4 Qe5 24. Qxe5 fxe5 25. f4 exf4 26. gxf4 Rd2 27. Be5 Rc2 28. Bf1 Re6 29. Bd3 Rg6+ 30. Kf1 Rcg2 31. Bd4 Rd2 32. Re3 Rd6 33. Ke1 Rd1+ 0-1

[Event "74.Camp. Veneto Quarti di Finale"]
[Site "Correzzola (PD)"]
[Date "2014.05.10"]
[Round "3.6"]
[White "Rossi, Gianni"]
[Black "De Bortoli, Peter"]
[Result "0-1"]
[WhiteElo "1806"]
[BlackElo "2183"]
[Annotator "Gabriele Ballarin"]
[PlyCount "72"]
[EventDate "2014.05.09"]
[EventType "swiss"]
[EventRounds "5"]
[EventCountry "ITA"]

1. d4 d5 2. e4 dxe4 3. Nc3 Nf6 4. f3 c5 5. d5 e6 6. Bb5+ Bd7 7. dxe6 fxe6 8. Bg5 Qb6 9. a4 a6 10. a5 Qc7 11. Bxd7+ Nbxd7 12. fxe4 O-O-O 13. Qe2 h6 14. Bh4 Bd6 15. Nf3 g5 16. Bf2 g4 17. Nd2 g3 18. hxg3 Bxg3 19. O-O-O Bxf2 20. Qxf2 Ng4 21. Qe2 Nde5 22. Nc4 Rd4 23. Nb6+ Kb8 24. Rh4 Qg7 25. Kb1 Rhd8 26. Rxd4 cxd4 27. Nca4 Qg5 28. Rh3 Nc6 29. Qc4 Ne3 30. Qxe6 Qxg2 31. Nd7+ Rxd7 32. Rxe3 dxe3 33. Qxd7 Qf1+ 34. Ka2 Qc4+ 35. b3 Qxc2+ 36. Nb2 e2 0-1

[Event "74.Camp. Veneto Quarti di Finale"]
[Site "Correzzola (PD)"]
[Date "2014.05.10"]
[Round "3.7"]
[White "Zamengo, Bruno"]
[Black "Lodici, Lorenzo"]
[Result "1-0"]
[WhiteElo "1949"]
[BlackElo "2134"]
[Annotator "Gabriele Ballarin"]
[PlyCount "97"]
[EventDate "2014.05.09"]
[EventType "swiss"]
[EventRounds "5"]
[EventCountry "ITA"]

1. e4 c5 2. Nf3 Nc6 3. d4 cxd4 4. Nxd4 e5 5. Nb5 d6 6. N1c3 a6 7. Na3 b5 8. Nd5 Nge7 9. c4 Nd4 10. Nxe7 Bxe7 11. cxb5 O-O 12. Bd3 axb5 13. O-O b4 14. Nc2 Nxc2 15. Qxc2 Be6 16. Bd2 Qb6 17. a3 b3 18. Qd1 Qb7 19. Bc3 f6 20. f4 Rfc8 21. Qe2 Ra4 22. Rac1 Qb6+ 23. Kh1 exf4 24. Rxf4 d5 25. Rcf1 d4 26. e5 f5 27. Be1 g6 28. Qf2 Bg5 29. Rxf5 Bxf5 30. Bxf5 gxf5 31. Qxf5 Qd8 32. h4 Be3 33. Qg4+ Kh8 34. Rf7 Qg8 35. Qf5 Bh6 36. Rxh7+ Qxh7 37. Qxc8+ Kg7 38. Qd7+ Kg8 39. Qxa4 Qb1 40. Qxb3+ Kg7 41. Qg3+ Kh7 42. e6 Bd2 43. Qc7+ Kh6 44. Qe5 Bxe1 45. Qg5+ Kh7 46. Kh2 Qe4 47. e7 Qe2 48. Qf5+ Kg7 49. Qf8+ 1-0

[Event "74.Camp. Veneto Quarti di Finale"]
[Site "Correzzola (PD)"]
[Date "2014.05.10"]
[Round "3.8"]
[White "Bergamasco, Tommaso"]
[Black "Pegoraro, Nicola"]
[Result "1/2-1/2"]
[WhiteElo "1777"]
[BlackElo "1999"]
[Annotator "Gabriele Ballarin"]
[PlyCount "79"]
[EventDate "2014.05.09"]
[EventType "swiss"]
[EventRounds "5"]
[EventCountry "ITA"]

1. e4 c5 2. Nf3 a6 3. c4 d6 4. Nc3 Nf6 5. d4 cxd4 6. Nxd4 g6 7. Be2 Bg7 8. O-O O-O 9. Kh1 Nc6 10. Nc2 Be6 11. Ne3 Rc8 12. f3 Nd7 13. Rb1 Nd4 14. Ncd5 Bxd5 15. Nxd5 e6 16. Ne3 b5 17. b3 Nxe2 18. Qxe2 bxc4 19. Nxc4 d5 20. exd5 exd5 21. Ne3 Re8 22. Qd1 d4 23. Nc4 Nb6 24. Nxb6 Qxb6 25. Rb2 Qb5 26. Rd2 Rcd8 27. Bb2 Re6 28. Re1 Rxe1+ 29. Qxe1 d3 30. Bxg7 Kxg7 31. h3 Re8 32. Qa1+ Kg8 33. Qd4 Re1+ 34. Kh2 Qb8+ 35. f4 Rf1 36. Rxd3 Rxf4 37. Qd8+ Qxd8 38. Rxd8+ Kg7 39. Rd6 a5 40. Rd2 1/2-1/2

[Event "74.Camp. Veneto Quarti di Finale"]
[Site "Correzzola (PD)"]
[Date "2014.05.10"]
[Round "3.9"]
[White "Rigo, Gianfrancesco"]
[Black "Quaranta, Gaetano"]
[Result "1-0"]
[WhiteElo "1991"]
[BlackElo "1818"]
[Annotator "Gabriele Ballarin"]
[PlyCount "65"]
[EventDate "2014.05.09"]
[EventType "swiss"]
[EventRounds "5"]
[EventCountry "ITA"]

1. e4 d5 2. exd5 Qxd5 3. Nc3 Qa5 4. d4 Nf6 5. Nf3 Bf5 6. Bc4 e6 7. Bd2 c6 8. O-O Bb4 9. Ne5 Nbd7 10. a3 Bxc3 11. Bxc3 Qc7 12. Re1 O-O 13. Qe2 Nxe5 14. dxe5 Nd5 15. Bd2 b5 16. Bb3 Rfd8 17. Rac1 Qb6 18. Bg5 Rdc8 19. Qf3 Qd4 20. c3 Qg4 21. Qxg4 Bxg4 22. Bc2 Nb6 23. b3 h6 24. Be7 Rc7 25. Bd6 Rb7 26. f3 Bh5 27. g4 Bg6 28. Bxg6 fxg6 29. Re4 Rf7 30. Kg2 Nd5 31. c4 bxc4 32. bxc4 Nb6 33. Rd4 {Nur} 1-0